000
00195 a2200097 4500
001
3872
100
_a
Cramer
245
_a
Paper chromatography
260
_a
_b
Macmillan
_c
090
_c
3103
_d
3103
942
_a
NUST-CAE
_c
M
_c
23370
999
_c
238945
_d
238945